ბათუმის შოთა რუსთაველის სახელმწიფო უნივერსიტეტის ბიბლიოთეკა

რჩეული. პოეზია. შესავალი წერილით (ბიბ.ჩანაწერი № 41832)

000 -LEADER
fixed length control field 00781nam a2200217Ia 4500
001 - CONTROL NUMBER
control field 8515
003 - CONTROL NUMBER IDENTIFIER
control field GE_BSU
008 - FIXED-LENGTH DATA ELEMENTS--GENERAL INFORMATION
fixed length control field 181216s||||||||xx |||||||||||||| ||und||
040 ## - CATALOGING SOURCE
Transcribing agency GE_BSU
080 ## - UNIVERSAL DECIMAL CLASSIFICATION NUMBER
Universal Decimal Classification number 821.353.1-1
100 ## - MAIN ENTRY--PERSONAL NAME
Personal name ვაკელი,იონა
245 ## - TITLE STATEMENT
Title რჩეული. პოეზია. შესავალი წერილით
245 ## - TITLE STATEMENT
Statement of responsibility, etc. რედ. კალე ბობოხიძე. მნხატვ. დ. და ვლ.ქუთათელაძეები
260 ## - PUBLICATION, DISTRIBUTION, ETC.
Place of publication, distribution, etc. თბილისი
260 ## - PUBLICATION, DISTRIBUTION, ETC.
Name of publisher, distributor, etc. საბჭოთა საქართველო
260 ## - PUBLICATION, DISTRIBUTION, ETC.
Date of publication, distribution, etc. 1958
300 ## - PHYSICAL DESCRIPTION
Extent 280გვ.ილ.20სმ.
653 ## - INDEX TERM--UNCONTROLLED
Uncontrolled term დრამა 4 მოქმედებად
653 ## - INDEX TERM--UNCONTROLLED
Uncontrolled term პოეზია
942 ## - ADDED ENTRY ELEMENTS (KOHA)
Koha item type წიგნი
ეგზემპლარები
Withdrawn status Lost status Damaged status Not for loan Date acquired Barcode Date last seen Price effective from Koha item type
        2018-12-17 30644 2018-12-17 2018-12-17 წიგნი
        2018-12-17 30645 2018-12-17 2018-12-17 წიგნი